[Event "MARIENBAD OPEN 2020 - A, B - closed tournaments"]
[Site "?"]
[Date "2020.01.22"]
[Round "6"]
[White "Bai, Adelard"]
[Black "Bracker, Arne"]
[Result "0-1"]
[BlackElo "2243"]
[WhiteElo "2430"]
[LiveChessVersion "1.4.8"]

1. d4 {[%clk 1:30:51]} Nf6 {[%clk 1:30:53]} 2. c4 {[%clk 1:31:14]} e6
{[%clk 1:31:14]} 3. Nf3 {[%clk 1:31:32]} d5 {[%clk 1:31:36]} 4. g3
{[%clk 1:31:54]} Be7 {[%clk 1:31:58]} 5. Bg2 {[%clk 1:32:13]} O-O
{[%clk 1:32:18]} 6. O-O {[%clk 1:32:03]} dxc4 {[%clk 1:32:31]} 7. Qc2
{[%clk 1:32:23]} a6 {[%clk 1:32:46]} 8. a4 {[%clk 1:32:32]} Bd7 {[%clk 1:32:49]}
9. Qxc4 {[%clk 1:32:23]} Bc6 {[%clk 1:32:36]} 10. Bg5 {[%clk 1:32:39]} Nbd7
{[%clk 1:31:16]} 11. Nc3 {[%clk 1:27:31]} h6 {[%clk 1:17:19]} 12. Bxf6
{[%clk 1:24:15]} Nxf6 {[%clk 1:17:21]} 13. Rac1 {[%clk 1:13:03]} a5
{[%clk 1:13:25]} 14. Rfd1 {[%clk 1:03:22]} Bb4 {[%clk 1:06:10]} 15. Nb5
{[%clk 0:58:35]} Bxf3 {[%clk 1:05:15]} 16. Bxf3 {[%clk 0:58:28]} c6
{[%clk 1:05:37]} 17. Nc3 {[%clk 0:58:14]} Qe7 {[%clk 1:02:36]} 18. e4
{[%clk 0:51:24]} Ra6 {[%clk 0:45:39]} 19. h4 {[%clk 0:36:22]} Rd8
{[%clk 0:35:54]} 20. Ne2 {[%clk 0:31:58]} Raa8 {[%clk 0:33:26]} 21. Nf4
{[%clk 0:28:11]} Nd7 {[%clk 0:23:54]} 22. Bg2 {[%clk 0:22:14]} e5
{[%clk 0:21:42]} 23. Ne2 {[%clk 0:22:15]} Qf6 {[%clk 0:16:47]} 24. d5
{[%clk 0:18:04]} cxd5 {[%clk 0:13:28]} 25. exd5 {[%clk 0:18:05]} Bc5
{[%clk 0:13:35]} 26. Rf1 {[%clk 0:17:55]} Rac8 {[%clk 0:13:38]} 27. Qg4
{[%clk 0:17:42]} Qb6 {[%clk 0:11:36]} 28. Nc3 {[%clk 0:12:13]} Qxb2
{[%clk 0:10:04]} 29. Qf3 {[%clk 0:06:32]} Nf6 {[%clk 0:06:39]} 30. Rb1
{[%clk 0:04:52]} Qxc3 {[%clk 0:05:50]} 31. Qxc3 {[%clk 0:05:16]} Bxf2+
{[%clk 0:06:16]} 32. Rxf2 {[%clk 0:05:05]} Rxc3 {[%clk 0:06:44]} 33. Rxb7
{[%clk 0:05:18]} Rxg3 {[%clk 0:06:04]} 34. Rb5 {[%clk 0:05:38]} Rxd5
{[%clk 0:05:32]} 35. Rxd5 {[%clk 0:03:24]} Nxd5 {[%clk 0:05:07]} 36. Kh2
{[%clk 0:03:47]} Rd3 {[%clk 0:05:20]} 37. Rc2 {[%clk 0:04:09]} g6
{[%clk 0:03:18]} 38. Rc5 {[%clk 0:04:08]} Nf4 {[%clk 0:03:18]} 39. Be4
{[%clk 0:04:23]} Rh3+ {[%clk 0:03:23]} 40. Kg1 {[%clk 0:04:50]} Rxh4
{[%clk 0:03:34]} 41. Bc6 {[%clk 0:05:00]} Nd3 {[%clk 0:25:39]} 42. Rxa5
{[%clk 0:34:57]} e4 {[%clk 0:21:33]} 43. Ra8+ {[%clk 0:32:48]} Kg7
{[%clk 0:22:01]} 44. Re8 {[%clk 0:31:13]} f5 {[%clk 0:21:47]} 45. a5
{[%clk 0:29:46]} Nb4 {[%clk 0:21:29]} 46. Bb7 {[%clk 0:27:58]} Rh3
{[%clk 0:21:00]} 47. Re5 {[%clk 0:27:32]} Ra3 {[%clk 0:19:15]} 48. Rb5
{[%clk 0:25:41]} Nd3 {[%clk 0:19:06]} 49. a6 {[%clk 0:24:56]} e3 {[%clk 0:18:52]}
50. Kf1 {[%clk 0:25:03]} Ra2 {[%clk 0:18:47]} 51. Bf3 {[%clk 0:23:57]} Rxa6
{[%clk 0:18:36]} 52. Ke2 {[%clk 0:24:10]} Ra3 {[%clk 0:18:07]} 53. Rb1
{[%clk 0:19:07]} Nf4+ {[%clk 0:18:17]} 54. Ke1 {[%clk 0:19:20]} Kf6
{[%clk 0:18:01]} 0-1

[Event "MARIENBAD OPEN 2020 - A, B - closed tournaments"]
[Site "?"]
[Date "2020.01.22"]
[Round "6"]
[White "Makarian, Rudik"]
[Black "Baenziger, Fabian"]
[Result "1-0"]
[BlackElo "2412"]
[WhiteElo "2403"]
[LiveChessVersion "1.4.8"]

1. d4 {[%clk 1:30:19]} d5 {[%clk 1:30:31]} 2. Bf4 {[%clk 1:24:44]} Nf6
{[%clk 1:30:42]} 3. e3 {[%clk 1:24:58]} c5 {[%clk 1:30:42]} 4. dxc5
{[%clk 1:24:39]} Nc6 {[%clk 1:26:39]} 5. Bb5 {[%clk 1:24:58]} e6 {[%clk 1:05:05]}
6. b4 {[%clk 1:25:04]} Nd7 {[%clk 1:04:17]} 7. c3 {[%clk 1:17:26]} Qf6
{[%clk 1:01:29]} 8. Nf3 {[%clk 1:11:24]} e5 {[%clk 1:01:23]} 9. Bg3
{[%clk 1:08:22]} e4 {[%clk 0:55:20]} 10. Nd4 {[%clk 1:07:50]} h5 {[%clk 0:55:42]}
11. h4 {[%clk 1:06:20]} Nce5 {[%clk 0:56:02]} 12. Qb3 {[%clk 0:59:21]} a6
{[%clk 0:52:06]} 13. Bxd7+ {[%clk 0:59:20]} Bxd7 {[%clk 0:52:31]} 14. Qxd5
{[%clk 0:58:58]} Nd3+ {[%clk 0:52:55]} 15. Ke2 {[%clk 0:49:15]} Bg4+
{[%clk 0:53:12]} 16. f3 {[%clk 0:49:30]} Qg6 {[%clk 0:53:39]} 17. Nd2
{[%clk 0:46:10]} Bxf3+ {[%clk 0:51:35]} 18. gxf3 {[%clk 0:46:24]} Qxg3
{[%clk 0:52:00]} 19. Qxe4+ {[%clk 0:46:50]} 1-0

[Event "MARIENBAD OPEN 2020 - A, B - closed tournaments"]
[Site "?"]
[Date "2020.01.22"]
[Round "6"]
[White "Quesada Perez, Luis Ernesto"]
[Black "Plat, Vojtech"]
[Result "1/2-1/2"]
[BlackElo "2589"]
[WhiteElo "2491"]
[LiveChessVersion "1.4.8"]

1. d4 {[%clk 1:22:17]} d6 {[%clk 1:30:44]} 2. e4 {[%clk 1:19:26]} Nf6
{[%clk 1:31:08]} 3. Nc3 {[%clk 1:19:50]} e5 {[%clk 1:31:36]} 4. dxe5
{[%clk 1:15:30]} dxe5 {[%clk 1:32:01]} 5. Qxd8+ {[%clk 1:15:56]} Kxd8
{[%clk 1:32:28]} 6. Nf3 {[%clk 1:16:20]} Bd6 {[%clk 1:32:54]} 7. Be3
{[%clk 1:16:46]} Ke7 {[%clk 1:32:57]} 8. O-O-O {[%clk 1:17:10]} Be6
{[%clk 1:30:46]} 9. Ng5 {[%clk 1:16:53]} Ng4 {[%clk 1:27:07]} 10. Nxe6
{[%clk 1:17:02]} Nxe3 {[%clk 1:27:34]} 11. Rd3 {[%clk 1:11:37]} fxe6
{[%clk 1:26:30]} 12. Rxe3 {[%clk 1:12:02]} Bc5 {[%clk 1:26:08]} 13. Rg3
{[%clk 1:12:26]} g6 {[%clk 1:26:33]} 14. Nd1 {[%clk 1:12:52]} Nd7
{[%clk 1:26:46]} 15. Rd3 {[%clk 1:03:53]} Rad8 1/2-1/2

[Event "MARIENBAD OPEN 2020 - A, B - closed tournaments"]
[Site "?"]
[Date "2020.01.22"]
[Round "6"]
[White "Swicarz, Maciej"]
[Black "Siddharth, Jagadeesh"]
[Result "0-1"]
[BlackElo "2301"]
[WhiteElo "2357"]
[LiveChessVersion "1.4.8"]

1. c4 {[%clk 1:30:54]} c5 {[%clk 1:30:45]} 2. Nf3 {[%clk 1:31:13]} Nc6
{[%clk 1:31:06]} 3. Nc3 {[%clk 1:31:32]} g6 {[%clk 1:31:32]} 4. e3
{[%clk 1:30:50]} Nf6 {[%clk 1:31:54]} 5. d4 {[%clk 1:30:33]} cxd4
{[%clk 1:32:15]} 6. exd4 {[%clk 1:31:01]} d5 {[%clk 1:32:45]} 7. Bg5
{[%clk 1:29:51]} Bg7 {[%clk 1:30:30]} 8. Bxf6 {[%clk 1:30:01]} Bxf6
{[%clk 1:30:59]} 9. cxd5 {[%clk 1:30:08]} Nb8 {[%clk 1:31:03]} 10. Bc4
{[%clk 1:21:23]} O-O {[%clk 1:26:04]} 11. h3 {[%clk 1:16:46]} Qc7
{[%clk 1:08:50]} 12. Bb3 {[%clk 1:15:03]} b5 {[%clk 1:09:14]} 13. O-O
{[%clk 1:10:48]} a6 {[%clk 1:04:35]} 14. Rc1 {[%clk 1:06:40]} Qb6
{[%clk 0:53:05]} 15. Ne5 {[%clk 1:01:08]} Bb7 {[%clk 0:45:39]} 16. Qg4
{[%clk 0:49:33]} Kg7 {[%clk 0:27:45]} 17. Nd1 {[%clk 0:27:34]} Qd6
{[%clk 0:13:00]} 18. Ne3 {[%clk 0:27:16]} Kh8 {[%clk 0:13:29]} 19. f4
{[%clk 0:22:36]} a5 {[%clk 0:13:05]} 20. Rc5 {[%clk 0:17:32]} Qb6
{[%clk 0:09:03]} 21. Kh1 {[%clk 0:08:53]} a4 {[%clk 0:05:19]} 22. Bc2
{[%clk 0:08:29]} Na6 {[%clk 0:04:47]} 23. Nd7 {[%clk 0:08:08]} Qd6
{[%clk 0:05:11]} 24. Nxf8 {[%clk 0:06:25]} Nxc5 {[%clk 0:03:54]} 25. Nxh7
{[%clk 0:04:13]} Kxh7 {[%clk 0:03:40]} 26. f5 {[%clk 0:01:02]} g5
{[%clk 0:03:59]} 27. dxc5 {[%clk 0:01:21]} Qxc5 {[%clk 0:04:26]} 28. Qf3
{[%clk 0:01:13]} Qd4 {[%clk 0:03:43]} 29. Be4 {[%clk 0:01:23]} Qxb2
{[%clk 0:03:35]} 30. h4 {[%clk 0:00:51]} gxh4 {[%clk 0:02:55]} 31. Rg1
{[%clk 0:00:42]} Rg8 {[%clk 0:02:07]} 32. g4 {[%clk 0:00:42]} Rg5
{[%clk 0:01:34]} 33. Rg2 {[%clk 0:00:45]} Qc1+ {[%clk 0:01:44]} 34. Rg1
{[%clk 0:01:10]} Qc3 {[%clk 0:01:11]} 35. Qf2 {[%clk 0:00:58]} Kg8
{[%clk 0:01:01]} 36. Qf4 {[%clk 0:00:53]} b4 {[%clk 0:00:49]} 37. Rb1
{[%clk 0:00:50]} b3 {[%clk 0:00:57]} 38. a3 {[%clk 0:00:57]} b2 {[%clk 0:00:55]}
39. Kg2 {[%clk 0:00:35]} Qxa3 {[%clk 0:00:41]} 40. Nc4 {[%clk 0:00:35]} Qb3
{[%clk 0:00:38]} 41. Rxb2 {[%clk 0:24:35]} Qxc4 {[%clk 0:22:10]} 42. Rxb7
{[%clk 0:24:01]} a3 {[%clk 0:21:36]} 43. Ra7 {[%clk 0:14:17]} a2 {[%clk 0:21:11]}
44. Kh2 {[%clk 0:13:50]} Qc3 {[%clk 0:19:48]} 0-1

[Event "MARIENBAD OPEN 2020 - A, B - closed tournaments"]
[Site "?"]
[Date "2020.01.22"]
[Round "6"]
[White "Steiner, Bruno"]
[Black "Roesemann, Rainer"]
[Result "0-1"]
[BlackElo "2231"]
[WhiteElo "2117"]
[LiveChessVersion "1.4.8"]

1. e4 {[%clk 1:29:33]} c6 {[%clk 1:30:46]} 2. c4 {[%clk 1:28:24]} d5
{[%clk 1:30:46]} 3. exd5 {[%clk 1:28:21]} cxd5 {[%clk 1:31:08]} 4. d4
{[%clk 1:28:38]} Nf6 {[%clk 1:31:28]} 5. Nc3 {[%clk 1:28:41]} Nc6
{[%clk 1:31:51]} 6. Nf3 {[%clk 1:27:43]} Bg4 {[%clk 1:32:12]} 7. Bg5
{[%clk 1:25:59]} Ne4 {[%clk 1:21:04]} 8. Be3 {[%clk 1:22:39]} Nxc3
{[%clk 1:17:45]} 9. bxc3 {[%clk 1:22:47]} e6 {[%clk 1:17:34]} 10. cxd5
{[%clk 1:22:25]} Qxd5 {[%clk 1:12:07]} 11. Be2 {[%clk 1:22:16]} Be7
{[%clk 1:11:57]} 12. O-O {[%clk 1:22:37]} O-O {[%clk 1:11:57]} 13. c4
{[%clk 1:16:18]} Qd6 {[%clk 1:06:10]} 14. h3 {[%clk 1:14:23]} Bf5
{[%clk 1:05:42]} 15. Bd3 {[%clk 1:13:22]} Bxd3 {[%clk 1:05:04]} 16. Qxd3
{[%clk 1:13:38]} Rfd8 {[%clk 1:04:09]} 17. Rab1 {[%clk 1:10:08]} b6
{[%clk 1:03:18]} 18. Rfd1 {[%clk 1:05:15]} Rac8 {[%clk 1:02:38]} 19. Qd2
{[%clk 0:55:07]} Na5 {[%clk 0:56:28]} 20. Bf4 {[%clk 0:36:24]} Qa3
{[%clk 0:55:11]} 21. Qe2 {[%clk 0:10:57]} Nxc4 {[%clk 0:48:24]} 22. Rb3
{[%clk 0:10:28]} Qa4 {[%clk 0:48:05]} 23. d5 {[%clk 0:10:13]} Na5
{[%clk 0:45:46]} 24. Rd4 {[%clk 0:07:51]} Rc4 {[%clk 0:41:02]} 25. Rbd3
{[%clk 0:08:00]} Bf6 {[%clk 0:30:08]} 26. Be5 {[%clk 0:07:59]} Bxe5
{[%clk 0:30:00]} 27. Qxe5 {[%clk 0:08:20]} exd5 {[%clk 0:11:03]} 28. Rxd5
{[%clk 0:08:09]} Re8 {[%clk 0:10:54]} 29. Rd8 {[%clk 0:07:07]} Re4
{[%clk 0:08:03]} 30. Qc7 {[%clk 0:03:45]} Qxa2 {[%clk 0:05:54]} 31. R3d5
{[%clk 0:01:38]} Qc4 {[%clk 0:03:36]} 32. Re5 {[%clk 0:01:12]} R4xe5
{[%clk 0:02:54]} 33. Nxe5 {[%clk 0:01:32]} Qe6 {[%clk 0:02:44]} 34. Qb8
{[%clk 0:00:54]} Kf8 {[%clk 0:02:43]} 35. Nf3 {[%clk 0:00:41]} Nc6
{[%clk 0:02:30]} 36. Rxe8+ {[%clk 0:00:50]} Qxe8 {[%clk 0:02:53]} 37. Qc7
{[%clk 0:01:04]} h6 {[%clk 0:03:06]} 38. g3 {[%clk 0:01:06]} Kg8 {[%clk 0:03:23]}
39. Nh4 {[%clk 0:01:18]} b5 {[%clk 0:02:52]} 40. g4 {[%clk 0:01:26]} g6
{[%clk 0:02:34]} 41. f4 {[%clk 0:29:01]} b4 {[%clk 0:29:12]} 42. f5
{[%clk 0:26:43]} g5 {[%clk 0:24:41]} 43. Nf3 {[%clk 0:26:41]} b3 {[%clk 0:23:34]}
44. Qb7 {[%clk 0:26:49]} Qe3+ {[%clk 0:23:06]} 45. Kg2 {[%clk 0:27:15]} Qe2+
{[%clk 0:23:07]} 46. Kg3 {[%clk 0:27:43]} Qc4 {[%clk 0:20:07]} 47. f6
{[%clk 0:25:00]} Kh7 {[%clk 0:18:35]} 48. Nd4 {[%clk 0:21:52]} Qd3+
{[%clk 0:10:54]} 49. Kh2 {[%clk 0:19:12]} Nd8 {[%clk 0:09:02]} 50. Qb4
{[%clk 0:13:34]} Ne6 {[%clk 0:09:07]} 51. Qe7 {[%clk 0:07:17]} Kg6
{[%clk 0:08:33]} 52. h4 {[%clk 0:06:03]} gxh4 {[%clk 0:07:24]} 53. Nf5
{[%clk 0:06:07]} Qe2+ {[%clk 0:07:11]} 54. Kh1 {[%clk 0:05:00]} Qxg4
{[%clk 0:06:59]} 55. Nd6 {[%clk 0:03:25]} Qf3+ {[%clk 0:06:17]} 56. Kh2
{[%clk 0:02:58]} Qxf6 {[%clk 0:06:16]} 57. Qb7 {[%clk 0:03:12]} Qf4+
{[%clk 0:06:26]} 58. Kg2 {[%clk 0:03:16]} Qxd6 {[%clk 0:06:34]} 59. Qe4+
{[%clk 0:03:26]} f5 {[%clk 0:06:41]} 60. Qxh4 {[%clk 0:03:50]} Qd2+
{[%clk 0:06:50]} 61. Kf1 {[%clk 0:03:12]} Qf4+ {[%clk 0:06:42]} 0-1

[Event "MARIENBAD OPEN 2020 - A, B - closed tournaments"]
[Site "?"]
[Date "2020.01.22"]
[Round "6"]
[White "Vetokhin, Savva"]
[Black "Vatsal, Singhania"]
[Result "0-1"]
[BlackElo "2230"]
[WhiteElo "2113"]
[LiveChessVersion "1.4.8"]

1. e4 {[%clk 1:30:56]} c5 {[%clk 1:30:32]} 2. Nf3 {[%clk 1:31:17]} d6
{[%clk 1:30:56]} 3. d4 {[%clk 1:31:42]} cxd4 {[%clk 1:31:21]} 4. Nxd4
{[%clk 1:32:05]} Nf6 {[%clk 1:31:46]} 5. f3 {[%clk 1:32:28]} Nc6 {[%clk 1:31:41]}
6. c4 {[%clk 1:32:39]} Qb6 {[%clk 1:31:12]} 7. Nc2 {[%clk 1:33:00]} g6
{[%clk 1:30:48]} 8. Nc3 {[%clk 1:31:54]} Bg7 {[%clk 1:31:13]} 9. Bd2
{[%clk 1:15:38]} O-O {[%clk 1:25:01]} 10. Rb1 {[%clk 1:16:00]} Be6
{[%clk 1:25:22]} 11. Be3 {[%clk 1:16:00]} Qd8 {[%clk 1:25:45]} 12. Be2
{[%clk 1:16:23]} Nd7 {[%clk 1:18:25]} 13. Nd4 {[%clk 0:59:44]} Nxd4
{[%clk 1:15:37]} 14. Bxd4 {[%clk 1:00:12]} Bxd4 {[%clk 1:15:59]} 15. Qxd4
{[%clk 1:00:40]} Qb6 {[%clk 1:16:17]} 16. Qxb6 {[%clk 1:00:52]} axb6
{[%clk 1:13:57]} 17. Kd2 {[%clk 1:00:00]} f5 {[%clk 0:50:23]} 18. exf5
{[%clk 0:53:45]} gxf5 {[%clk 0:50:43]} 19. b3 {[%clk 0:52:05]} Nc5
{[%clk 0:43:21]} 20. Bd3 {[%clk 0:45:49]} Rf6 {[%clk 0:41:48]} 21. Rhe1
{[%clk 0:43:29]} Kf8 {[%clk 0:34:32]} 22. Re2 {[%clk 0:41:57]} Bf7
{[%clk 0:33:50]} 23. f4 {[%clk 0:40:20]} e6 {[%clk 0:32:39]} 24. Rd1
{[%clk 0:35:59]} Bh5 {[%clk 0:32:55]} 25. Bc2 {[%clk 0:33:14]} Rg6
{[%clk 0:29:50]} 26. g3 {[%clk 0:33:00]} Bxe2 {[%clk 0:30:14]} 27. Kxe2
{[%clk 0:33:26]} Ke7 {[%clk 0:30:29]} 28. a4 {[%clk 0:32:24]} h5 {[%clk 0:28:55]}
29. Kf3 {[%clk 0:30:30]} h4 {[%clk 0:29:18]} 30. Nb5 {[%clk 0:30:51]} hxg3
{[%clk 0:29:14]} 31. hxg3 {[%clk 0:31:15]} Rag8 {[%clk 0:29:34]} 32. Rg1
{[%clk 0:31:06]} Rh6 {[%clk 0:28:32]} 33. Nd4 {[%clk 0:29:55]} Rh2
{[%clk 0:28:02]} 34. b4 {[%clk 0:27:57]} Ne4 {[%clk 0:24:11]} 35. Bxe4
{[%clk 0:28:14]} fxe4+ {[%clk 0:24:38]} 36. Kxe4 {[%clk 0:28:39]} Rb2
{[%clk 0:25:05]} 37. Rh1 {[%clk 0:27:18]} Rxb4 {[%clk 0:05:01]} 38. Rh7+
{[%clk 0:27:37]} Kf6 {[%clk 0:05:25]} 39. Rh6+ {[%clk 0:26:49]} Rg6
{[%clk 0:04:22]} 40. Rxg6+ {[%clk 0:27:07]} Kxg6 {[%clk 0:04:49]} 41. Nxe6
{[%clk 0:27:28]} Rxc4+ {[%clk 0:05:04]} 42. Kd5 {[%clk 0:27:55]} Rxa4
{[%clk 0:05:31]} 43. Kxd6 {[%clk 0:28:18]} Kf5 {[%clk 0:05:49]} 44. Ng7+
{[%clk 0:27:00]} Kf6 {[%clk 0:06:00]} 45. Ne8+ {[%clk 0:27:16]} Kf7
{[%clk 0:05:47]} 46. Nc7 {[%clk 0:27:44]} Rc4 {[%clk 0:05:12]} 47. Nb5
{[%clk 0:27:23]} Kf6 {[%clk 0:29:51]} 48. Na3 {[%clk 0:56:28]} Rc6+
{[%clk 0:17:51]} 49. Kd5 {[%clk 0:45:56]} Rc3 {[%clk 0:16:51]} 50. Nc4
{[%clk 0:44:50]} b5 {[%clk 0:17:17]} 51. Nb6 {[%clk 0:39:31]} Rc7
{[%clk 0:17:43]} 52. Kd4 {[%clk 0:39:51]} Ke6 {[%clk 0:18:07]} 53. f5+
{[%clk 0:38:53]} Kxf5 {[%clk 0:17:38]} 54. Nd5 {[%clk 0:39:01]} Rc4+
{[%clk 0:18:03]} 55. Kd3 {[%clk 0:39:25]} Ke5 {[%clk 0:18:29]} 56. Ne3
{[%clk 0:39:32]} Rc7 {[%clk 0:17:08]} 57. Nc2 {[%clk 0:39:36]} Rg7
{[%clk 0:17:13]} 58. Kc3 {[%clk 0:39:53]} Rg4 {[%clk 0:17:37]} 59. Ne1
{[%clk 0:39:29]} Kd5 {[%clk 0:18:01]} 0-1

[Event "MARIENBAD OPEN 2020 - A, B - closed tournaments"]
[Site "?"]
[Date "2020.01.22"]
[Round "6"]
[White "Sharma, Isha"]
[Black "Nguyen, Alex Dac-Vuong"]
[Result "1/2-1/2"]
[BlackElo "2401"]
[WhiteElo "2169"]
[LiveChessVersion "1.4.8"]

1. e4 {[%clk 1:30:57]} e6 {[%clk 1:30:55]} 2. d4 {[%clk 1:31:17]} d5
{[%clk 1:31:15]} 3. Nd2 {[%clk 1:31:40]} Nf6 {[%clk 1:31:09]} 4. e5
{[%clk 1:32:04]} Nfd7 {[%clk 1:31:34]} 5. Bd3 {[%clk 1:32:24]} c5
{[%clk 1:31:58]} 6. c3 {[%clk 1:32:51]} Nc6 {[%clk 1:32:21]} 7. Ne2
{[%clk 1:33:12]} cxd4 {[%clk 1:32:45]} 8. cxd4 {[%clk 1:33:39]} f6
{[%clk 1:33:08]} 9. exf6 {[%clk 1:33:45]} Nxf6 {[%clk 1:33:32]} 10. Nf3
{[%clk 1:33:56]} Bd6 {[%clk 1:33:56]} 11. O-O {[%clk 1:34:17]} Qc7
{[%clk 1:34:21]} 12. Bg5 {[%clk 1:34:29]} O-O {[%clk 1:34:45]} 13. Bh4
{[%clk 1:34:16]} Nh5 {[%clk 1:34:37]} 14. Rc1 {[%clk 1:24:17]} Rxf3
{[%clk 1:20:00]} 15. gxf3 {[%clk 1:23:44]} Bxh2+ {[%clk 1:20:17]} 16. Kg2
{[%clk 1:23:58]} Bd6 {[%clk 1:19:28]} 17. Rh1 {[%clk 1:21:58]} g6
{[%clk 1:11:30]} 18. Bb1 {[%clk 1:08:59]} Nf4+ {[%clk 0:55:32]} 19. Nxf4
{[%clk 1:06:07]} Bxf4 {[%clk 0:54:59]} 20. Rc3 {[%clk 1:06:28]} Qg7
{[%clk 0:55:04]} 21. Rd3 {[%clk 0:55:27]} Bd7 {[%clk 0:54:07]} 22. Qb3
{[%clk 0:54:10]} b6 {[%clk 0:50:04]} 23. Qd1 {[%clk 0:52:05]} Rf8
{[%clk 0:48:58]} 24. Bg3 {[%clk 0:50:20]} Qe7 {[%clk 0:32:02]} 25. Rh4
{[%clk 0:48:18]} Bg5 {[%clk 0:30:22]} 26. Rh1 {[%clk 0:47:42]} Bf6
{[%clk 0:30:17]} 27. Rd2 {[%clk 0:46:44]} Qg7 {[%clk 0:30:22]} 28. Bf4
{[%clk 0:46:39]} h5 {[%clk 0:27:49]} 29. Be3 {[%clk 0:46:10]} Be8
{[%clk 0:24:35]} 30. Rg1 {[%clk 0:45:53]} Be7 {[%clk 0:22:11]} 31. Qe2
{[%clk 0:42:01]} Bd6 {[%clk 0:13:50]} 32. Kf1 {[%clk 0:39:12]} Kh7
{[%clk 0:09:59]} 33. Rd1 {[%clk 0:35:51]} Qf6 {[%clk 0:09:08]} 34. f4
{[%clk 0:34:30]} Kh8 {[%clk 0:07:37]} 35. Rd2 {[%clk 0:28:40]} Ne7
{[%clk 0:06:51]} 36. Rg3 {[%clk 0:21:16]} Nf5 {[%clk 0:06:07]} 37. Rg1
{[%clk 0:19:24]} Ne7 {[%clk 0:06:12]} 38. Rg5 {[%clk 0:17:39]} Bxf4
{[%clk 0:03:00]} 39. Bxf4 {[%clk 0:17:57]} Qxf4 {[%clk 0:03:29]} 40. Qe5+
{[%clk 0:18:20]} Qxe5 {[%clk 0:03:17]} 41. Rxe5 {[%clk 0:18:46]} Rf6
{[%clk 0:00:57]} 42. Kg2 {[%clk 0:16:36]} Nc6 {[%clk 0:23:50]} 43. Rg5
{[%clk 0:46:13]} Kg7 {[%clk 0:23:52]} 44. Kg3 {[%clk 0:46:30]} Nd8
{[%clk 0:22:38]} 45. Kg2 {[%clk 0:40:21]} Rf4 {[%clk 0:21:57]} 46. Kg3
{[%clk 0:39:36]} Rf6 {[%clk 0:22:23]} 47. Kg2 {[%clk 0:40:01]} Rf4
{[%clk 0:17:40]} 48. Bc2 {[%clk 0:34:01]} b5 {[%clk 0:12:10]} 49. Kg3
{[%clk 0:32:23]} Rf6 {[%clk 0:12:35]} 50. Re5 {[%clk 0:32:48]} Nc6
{[%clk 0:12:57]} 51. Rg5 {[%clk 0:31:01]} Nd8 {[%clk 0:13:22]} 52. Kg2
{[%clk 0:31:25]} Rf4 {[%clk 0:13:35]} 53. Kg3 {[%clk 0:28:20]} Rf6
{[%clk 0:13:59]} 54. Kg2 {[%clk 0:28:46]} Rf4 1/2-1/2

[Event "MARIENBAD OPEN 2020 - A, B - closed tournaments"]
[Site "?"]
[Date "2020.01.22"]
[Round "6"]
[White "Marszalek, Maciej"]
[Black "Gorbatov, Alexej"]
[Result "1/2-1/2"]
[BlackElo "2355"]
[WhiteElo "2314"]
[LiveChessVersion "1.4.8"]

1. d4 {[%clk 1:30:56]} d5 {[%clk 1:30:52]} 2. c4 {[%clk 1:31:21]} e6
{[%clk 1:31:14]} 3. Nf3 {[%clk 1:31:46]} c5 {[%clk 1:31:29]} 4. cxd5
{[%clk 1:30:52]} exd5 {[%clk 1:31:56]} 5. Nc3 {[%clk 1:30:59]} Nf6
{[%clk 1:31:55]} 6. g3 {[%clk 1:31:21]} Nc6 {[%clk 1:32:20]} 7. Bg2
{[%clk 1:31:45]} cxd4 {[%clk 1:32:43]} 8. Nxd4 {[%clk 1:31:55]} Bc5
{[%clk 1:33:11]} 9. Nxc6 {[%clk 1:30:44]} bxc6 {[%clk 1:33:34]} 10. O-O
{[%clk 1:31:05]} O-O {[%clk 1:33:52]} 11. Na4 {[%clk 1:30:19]} Bb6
{[%clk 1:30:21]} 12. Nxb6 {[%clk 1:30:18]} axb6 {[%clk 1:30:45]} 13. Qc2
{[%clk 1:26:37]} Bb7 {[%clk 1:23:47]} 14. Rd1 {[%clk 1:24:09]} Qe7
{[%clk 1:23:43]} 15. Bg5 {[%clk 1:20:13]} h6 {[%clk 1:20:38]} 16. Bxf6
{[%clk 1:19:05]} Qxf6 {[%clk 1:21:06]} 17. a4 {[%clk 1:17:15]} Rfd8
{[%clk 1:19:00]} 18. e3 {[%clk 1:09:50]} c5 {[%clk 1:09:49]} 19. a5
{[%clk 0:59:44]} Ra6 {[%clk 0:55:55]} 20. axb6 {[%clk 0:56:14]} Rxb6
{[%clk 0:49:09]} 21. Rab1 {[%clk 0:51:32]} c4 {[%clk 0:47:04]} 22. b3
{[%clk 0:47:02]} Rb4 {[%clk 0:39:51]} 23. bxc4 {[%clk 0:44:41]} Rxc4
{[%clk 0:40:19]} 24. Qa2 {[%clk 0:28:10]} Bc6 {[%clk 0:28:55]} 25. Qe2
{[%clk 0:23:33]} Ra4 {[%clk 0:21:00]} 26. Rbc1 {[%clk 0:23:20]} Bb7
{[%clk 0:19:24]} 27. Qc2 {[%clk 0:14:01]} Rc4 {[%clk 0:15:39]} 28. Qb1
{[%clk 0:13:50]} Rxc1 {[%clk 0:15:08]} 29. Qxc1 {[%clk 0:13:45]} Qb6
{[%clk 0:10:26]} 30. Qb1 {[%clk 0:13:47]} Qxb1 {[%clk 0:10:01]} 31. Rxb1
{[%clk 0:14:15]} Ba6 {[%clk 0:09:06]} 32. Rd1 {[%clk 0:13:47]} Bc4
{[%clk 0:09:35]} 33. Bf1 {[%clk 0:09:17]} Rc8 {[%clk 0:08:54]} 1/2-1/2